Total War: Warhammer - Greenskins Roster - Statistics

General Stats
  • This quiz has been taken 27 times
  • The average score is 33 of 50
Answer Stats
Type Unit % Correct
Infantry Orc Boyz
100%
Infantry Black Orcs
95%
Legendary Lords Grimgor Ironhide
95%
Infantry Goblins
89%
Infantry Night Goblins
89%
Infantry Night Goblins (Fanatics)
89%
Legendary Lords Grom the Paunch
84%
Cavalry & Chariots Orc Boar Boyz
84%
Legendary Lords Skarsnik
84%
Monsters & Beasts Trolls
84%
Monsters & Beasts Arachnarok Spider
79%
Legendary Lords Azhag the Slaughterer
79%
Cavalry & Chariots Goblin Wolf Riders
79%
Infantry Orc Big 'Uns
79%
Lords Orc Warboss
79%
Legendary Lords Wurrzag da Great Green Prophet
79%
Missile Infantry Goblin Archers
74%
Infantry Savage Orc Big 'Uns
74%
Cavalry & Chariots Savage Orc Boar Boyz
74%
Infantry Savage Orcs
74%
Monsters & Beasts Giant
68%
Heroes Goblin Big Boss
68%
Missile Infantry Night Goblin Archers
68%
Missile Infantry Night Goblin Archers (Fanatics)
68%
Missile Infantry Orc Arrer Boyz
68%
Cavalry & Chariots Orc Boar Boy Big 'Uns
68%
Heroes Orc Shaman
68%
Cavalry & Chariots Savage Orc Boar Boy Big 'Uns
68%
Monsters & Beasts River Trolls
63%
Missile Infantry Savage Orc Arrer Boyz
63%
Artillery & War Machines Doom Diver Catapults
58%
Cavalry & Chariots Forest Goblin Spider Riders
58%
Missile Cavalry & Chariots Goblin Wolf Chariots
58%
Lords Night Goblin Warboss
58%
Monsters & Beasts Stone Trolls
58%
Artillery & War Machines Goblin Rock Lobbers
53%
Heroes Night Goblin Shaman
53%
Artillery & War Machines Snotling Pump Wagons
53%
Artillery & War Machines Snotling Pump Wagons (Flappas)
53%
Artillery & War Machines Snotling Pump Wagons (Spiky Rollers)
53%
Cavalry & Chariots Orc Boar Chariots
47%
Monsters & Beasts Rogue Idol
47%
Monsters & Beasts Squig Herd
47%
Lords Goblin Great Shaman
42%
Missile Cavalry & Chariots Goblin Wolf Rider Archers
42%
Infantry Nasty Skulkers
42%
Missile Cavalry & Chariots Forest Goblin Spider Rider Archers
37%
Cavalry & Chariots Night Goblin Squig Hoppers
37%
Heroes Black Orc Big Boss
32%
Heroes Giant River Troll Hag
16%
No matching quizzes found
Score Distribution
Percent of People with Each Score
Percentile by Number Answered
Your Score History
You have not taken this quiz